|
|
|
|
| LEADER |
00000nam a2200000 a 4500 |
| 001 |
vtls001450256 |
| 003 |
SK-MaSNL |
| 005 |
20260331204559.0 |
| 008 |
130607sm y0 xo a r 0 slo |
| 015 |
|
|
|a SNBSAB2002-00158
|
| 035 |
|
|
|a SNK000405546
|
| 040 |
|
|
|a SNK
|b slo
|c SNK
|e AACR2
|
| 044 |
|
|
|a xo
|c SK
|
| 080 |
|
|
|a 82:929:821.162.4:012
|2 2. slo
|
| 080 |
|
|
|a 012
|2 2. slo
|
| 080 |
|
|
|a 821.162.4
|2 2. slo
|
| 080 |
|
|
|a 929 Vansová, Terézia
|2 2. slo
|
| 080 |
|
|
|a 929 Slančíková- Timrava, Božena
|2 2. slo
|
| 100 |
1 |
|
|a Hajduková, Terézia,
|d 1952-
|4 com
|9 142462
|
| 245 |
1 |
|
|a Ženy v slovenskej literatúre
|b Božena Slančíková-Timrava
|c [zostavila: Terézia Hajduková, Zuzana Majerová] ; [zodp. red.: Marta Skalková] : Terézia Vansová : personálna bibliografia
|
| 260 |
|
|
|a Prešov
|b Knižnica P.O.Hviezdoslava
|c 2002
|
| 300 |
|
|
|a 20 s.
|b obr., fotogr.
|c 21x15 cm
|
| 500 |
|
|
|a Údaj o zost. a zodp. red. je prevzatý z tir.
|
| 500 |
|
|
|a 50 výt.
|
| 504 |
|
|
|a Usporiadanie chronolog. 72 zázn. s predm. heslom o kn. a čl. v slov.
|
| 600 |
1 |
|
|a Vansová, Terézia,
|d 1857-1942
|2 SNKMA
|9 107793
|
| 600 |
0 |
|
|a Timrava,
|d 1867-1951
|2 SNKMA
|9 37213
|
| 655 |
|
7 |
|a personálne bibliografie
|2 SNK
|9 70198
|
| 700 |
1 |
|
|a Majerová, Zuzana,
|d 1948-
|4 com
|9 37852
|
| 700 |
1 |
|
|a Skalková, Marta,
|d 1955-
|4 red
|9 107979
|
| 710 |
0 |
|
|a Knižnica P. O. Hviezdoslava v Prešove
|4 pbl
|9 74546
|
| 968 |
|
|
|d 82
|
| 999 |
|
|
|c 729068
|d 730998
|
| 952 |
|
|
|t P60, <03>, [BOOK], {603}
|a SNK
|b SNK
|y PREZ
|7 0
|p 17A0375888
|o snkOSC 22057
|i snkKSP 3008/2003
|0 0
|1 0
|4 0
|d 2003-02-26
|l 0
|r 2005-01-02 00:00:00
|w 2026-02-23
|
| 952 |
|
|
|t P60, <04>, [BOOK], {604}
|a SNK
|b SNK
|y VYP
|7 0
|p 17A0375889
|o snkOSC 22057 D1
|i snkKSP 3009/2003
|0 0
|1 0
|4 0
|d 2003-02-26
|l 0
|r 2005-01-02 00:00:00
|w 2026-02-23
|